000 00482nam a2200181Ia 4500
001 16977
005 20260306170351.0
008 260306t2002||||xx |||||||||||||| ||und||
041 _aESP
082 _a657.4
_bS23
100 _aSánchez Arroyo, Gil
_eAUT
245 0 _aEjercicios de contabilidad y análisis e interpretación de la información contable
260 _c2002
300 _a797 páginas :
_c24 cm.
650 _aGEN
654 _aCCO
942 _cLIB
_dJUS
_fJUS
_2ddc
_n
999 _c16977
_d16977